| 000 | 00825nam a22002537a 4500 | ||
|---|---|---|---|
| 003 | OSt | ||
| 005 | 20240704115503.0 | ||
| 007 | ta | ||
| 008 | 210310b 2020 dr f 00| 0 eng d | ||
| 020 | _a9789945220612 | ||
| 040 |
_aDO-SdBNP _bspa _cBNPHU |
||
| 082 | 7 | 4 |
_222 _aRD863.5 _bG934s |
| 100 | 1 |
_aGuerrero, Laureano, _d1952- _977343 |
|
| 245 | 1 | 3 |
_aLa sentencia : _bnovela / _cLaureano Guerrero Sánchez ; prólogo Juan Hernández Inirio. |
| 250 | _a2da. ed. | ||
| 260 |
_aSanto Domingo : _bBúho, _c2020 |
||
| 300 |
_a190 p. ; _c23 cm. |
||
| 500 | _aIncluye datos biográficos del autor en la solapa de la cubierta. | ||
| 650 | 0 |
_929128 _aNovelas dominicanas |
|
| 650 | 0 |
_aLiteratura dominicana. _967 |
|
| 700 | 1 | 2 |
_aInirio, Juan _d1991 _eprólogo _985187 |
| 910 | _aLPEREZ.Validado. Control de calidad. MAA | ||
| 942 |
_2ddc _cLBS1 |
||
| 999 |
_c49535 _d49535 |
||